<?xml version="1.0" encoding="UTF-8"?>
<collection xmlns="http://www.loc.gov/MARC21/slim">
 <record>
  <leader>00402pamaa2200145   4500</leader>
  <controlfield tag="001">0000035782</controlfield>
  <controlfield tag="005">20070125090000.0</controlfield>
  <datafield tag="020" ind1="0" ind2="0">
   <subfield code="a">055321344x </subfield>
  </datafield>
  <datafield tag="082" ind1=" " ind2=" ">
   <subfield code="a">823 ALI 1984</subfield>
  </datafield>
  <datafield tag="090" ind1="0" ind2="0">
   <subfield code="a">PQ4265.A57 </subfield>
   <subfield code="b">ALI 1984</subfield>
  </datafield>
  <datafield tag="100" ind1="1" ind2="0">
   <subfield code="a">ALIGHIERI </subfield>
  </datafield>
  <datafield tag="245" ind1="1" ind2="0">
   <subfield code="a">Purgatorio  </subfield>
   <subfield code="c">Dante alighieri: A verse translation by Allen Mandebaum.</subfield>
  </datafield>
  <datafield tag="260" ind1="0" ind2="0">
   <subfield code="a">New YorkIbBantam Books, </subfield>
   <subfield code="c">1984.</subfield>
  </datafield>
  <datafield tag="300" ind1=" " ind2=" ">
   <subfield code="a">xxx, 411p.Ibill.; </subfield>
   <subfield code="c">18cm.</subfield>
  </datafield>
  <datafield tag="650" ind1="0" ind2="0">
   <subfield code="a">fiction </subfield>
  </datafield>
 </record>
</collection>
